000 00693nam a2200229Ia 4500
003 OSt
005 20220923220823.0
006 a|||||r|||| 00| 0
007 ta
008 220922b |||||||| |||| 00| 0 hin d
024 _a190,927
037 _cTextual
040 _aARTS
_cARTS
_bhin
041 _2hin
_ahin
082 _aR65:6, 152H6
100 _aव्यास
245 0 _aश्रीमद्भगवद्गीता सटीक, अनु हरिराम भार्गव
246 _aShrīmadbhagavadgītā saṭīka, anu0 harirām bhārgava
260 _c1946
942 _hR65:6, 152H6
_cTEXL
_2CC
999 _c343648
_d343648